[Event "Invitation"]
[Site "http://www.queenalice.com/game.php?id=736403"]
[Date "2010.2.23"]
[Round "-"]
[White "claudius46"]
[Black "loulou429"]
[Result "0-1"]
[WhiteElo "1349"]
[BlackElo "1667"]

1. e4 e5 2. Bc4 Nf6 3. b3 Nxe4 4. Nc3 Bc5 5. Nxe4 d5 6. Nxc5 dxc4 7. bxc4 Qd4 8.
Ba3 b6 9. Nd3 Qe4+ 10. Kf1 Qxc4 11. Ne2 Nc6 12. Nb2 Qa6 13. Nc4 Qxc4 14. d3 Qa6
15. Qc1 e4 16. Qe3 Qxa3 17. Qxe4+ Ne7 18. Nd4 Qc3 19. Re1 Be6 20. Qxa8+ Bc8 21.
Re4 Qa1+ 22. Ke2 Qxd4 23. Rxd4 f6 24. Re4 Kf7 25. Qxa7 f5 26. Rb4 Nd5 27. Rb3
Re8+ 28. Kd2 Be6 29. Re1 Re7 30. Reb1 g6 31. d4 Nf4 32. Ra3 Nxg2 33. Qb8 Nf4 34.
Ra8 Kf6 35. Rg1 Nd5 36. Qh8+ Rg7 37. h4 h5 38. Re1 Bf7 39. Qf8 Rg8 40. Re6+ Kxe6
41. Re8+ Kf6 42. Qa3 Rxe8 43. Qa7 Kg7 44. Qb7 Re4 45. c3 Rxh4 46. Qxd5 Bxd5 47.
c4 Bxc4 48. Kc3 Bxa2 49. Kd3 Rh3+ 50. Ke2 Bc4+ 51. Kd2 Rd3+ 52. Kc2 Rxd4 53. Kc3
c5 54. Kc2 b5 55. f4 Bd3+ 56. Kc3 b4+ 57. Kb3 Rxf4 58. Kb2 h4 0-1

[Event "AUTO-INT-1712"]
[Site "http://www.queenalice.com/game.php?id=781875"]
[Date "2010.5.28"]
[Round "1"]
[White "callmitnick"]
[Black "loulou429"]
[Result "0-1"]
[WhiteElo "1564"]
[BlackElo "1685"]

1. e4 e5 2. Nf3 Nc6 3. Bb5 Nf6 4. O-O Nxe4 5. Re1 f5 6. d3 Nd6 7. Bxc6 bxc6 8.
Nc3 e4 9. dxe4 Be7 10. Bf4 O-O 0-1

[Event "AUTO-INT-1712"]
[Site "http://www.queenalice.com/game.php?id=781876"]
[Date "2010.5.28"]
[Round "1"]
[White "loulou429"]
[Black "callmitnick"]
[Result "1-0"]
[WhiteElo "1673"]
[BlackElo "1576"]

1. e4 c5 2. Nf3 d6 3. Bb5+ Bd7 4. Bd3 Nc6 5. O-O e5 6. Nc3 Nf6 7. Bc4 Be7 8. Ng5
O-O 9. d3 h6 10. Be3 hxg5 11. Bxg5 1-0

[Event "AUTO-INT-1712"]
[Site "http://www.queenalice.com/game.php?id=781889"]
[Date "2010.5.28"]
[Round "1"]
[White "Catamarca"]
[Black "loulou429"]
[Result "1-0"]
[WhiteElo "1723"]
[BlackElo "1697"]

1. e4 e5 2. Bc4 Nf6 3. Nf3 d5 4. exd5 Bc5 5. Nxe5 O-O 6. O-O Nxd5 7. d4 Be7 8.
c3 f6 9. Nf3 Be6 10. Qe2 Nf4 11. Bxe6+ Nxe6 12. Be3 Nd7 13. Bh6 Ng5 14. Bxg5
fxg5 15. Nbd2 Qe8 16. Qe6+ Kh8 17. Rfe1 Nf6 18. Qxe7 Qxe7 19. Rxe7 g4 20. Ne5
Nd5 21. Nf7+ Kg8 22. Ne5 Nxe7 23. Ndc4 b5 24. Nd7 bxc4 25. Ne5 1-0

[Event "AUTO-INT-1712"]
[Site "http://www.queenalice.com/game.php?id=781899"]
[Date "2010.5.28"]
[Round "1"]
[White "loulou429"]
[Black "marcelouco"]
[Result "0-1"]
[WhiteElo "1702"]
[BlackElo "1629"]

1. e4 e5 2. Nf3 Nc6 3. Bc4 Bc5 4. c3 Nf6 5. d3 O-O 6. O-O d6 7. b4 Bb6 8. d4
exd4 9. Nxd4 Nxd4 10. cxd4 Nxe4 11. Re1 Bf5 12. Be3 c5 13. dxc5 dxc5 14. f3 Nd6
15. Qb3 Nxc4 16. Qxc4 cxb4 17. Qxb4 Bxe3+ 18. Rxe3 a5 19. Qxb7 Qd4 20. Kf2 Qxa1
21. Nc3 Rab8 22. Qd5 Qb2+ 23. Ne2 Be6 24. Qxa5 Bxa2 25. Rd3 Bc4 26. Rd2 Qb6+ 27.
Qxb6 Rxb6 28. Rd4 Bxe2 29. Kxe2 Rb2+ 30. Rd2 Rxd2+ 31. Kxd2 Re8 32. Kd1 g5 33.
h3 Kg7 34. Kd2 f5 35. Kd1 h5 36. Kd2 f4 37. Kd1 h4 38. Kd2 Re3 39. Kd1 Kf6 0-1

[Event "AUTO-INT-1712"]
[Site "http://www.queenalice.com/game.php?id=781900"]
[Date "2010.5.28"]
[Round "1"]
[White "marcelouco"]
[Black "loulou429"]
[Result "0-1"]
[WhiteElo "1640"]
[BlackElo "1683"]

1. e4 e5 2. Nf3 Nc6 3. Bc4 Bc5 4. d3 h6 5. Nc3 Nf6 6. O-O O-O 7. Nd5 a6 8. Nxf6+
Qxf6 9. a3 b5 10. Bd5 Rb8 11. b4 Bb6 12. Bb2 Nd4 13. c3 c6 14. cxd4 Bxd4 15.
Bxd4 exd4 16. e5 Qf5 17. Nxd4 Qxe5 18. Bxf7+ Rxf7 19. Nf3 Qf6 20. Qe2 Re7 21.
Qd2 d5 22. Rfe1 Bf5 23. Rxe7 Qxe7 24. Re1 Qf6 25. Qf4 Rd8 26. d4 Rd6 27. Nh4 g5
28. Qe3 Re6 29. Qd2 gxh4 30. Rxe6 Qxe6 31. h3 Qg6 32. Qe3 Kf7 33. Qf4 Ke7 34.
Qxh4+ Qf6 35. Qxf6+ Kxf6 36. g4 Be4 37. Kh2 Kg6 38. Kg3 h5 39. f3 Bd3 40. f4
hxg4 41. hxg4 Be2 42. Kh4 Bd3 43. Kg3 Kf6 44. Kh4 Bg6 45. Kg3 Be4 46. Kh4 Bg6
47. Kg3 Be8 48. Kh4 c5 49. bxc5 a5 50. Kg3 b4 0-1

[Event "Challenge"]
[Site "http://www.queenalice.com/game.php?id=785829"]
[Date "2010.6.5"]
[Round "-"]
[White "loulou429"]
[Black "claudius46"]
[Result "1-0"]
[WhiteElo "1696"]
[BlackElo "1348"]

1. e4 e5 2. Nf3 Nc6 3. Bc4 Qf6 4. d3 Nce7 5. Bg5 Qg6 6. O-O f6 7. Be3 d6 8. Nh4
Qf7 9. Bxf7+ Kxf7 10. Nc3 Ng6 11. Qh5 f5 12. Nd5 Nf6 13. Qg5 Nxd5 14. exd5 Nxh4
15. Qxh4 Be7 16. Bg5 Bd7 17. Bxe7 h6 18. Bxd6 g5 19. Qh5+ Kf6 20. Bxc7 Be8 21.
Qe2 Kg6 22. Qxe5 Bf7 23. Qd6+ Kh5 24. Rae1 Rac8 25. c4 Rh7 26. Qd7 Rg8 27. Qxf5
Rhg7 28. g4+ Kh4 29. Kg2 Bxd5+ 30. cxd5 h5 31. Bg3# 1-0

[Event "Challenge"]
[Site "http://www.queenalice.com/game.php?id=786309"]
[Date "2010.6.6"]
[Round "-"]
[White "claudius46"]
[Black "loulou429"]
[Result "0-1"]
[WhiteElo "1350"]
[BlackElo "1670"]

1. e4 e5 2. Nf3 Nc6 3. Nc3 Nf6 4. Bc4 h6 5. Nh4 Nxe4 6. Nxe4 Qxh4 7. d3 d6 8.
Qf3 Nd4 9. Qxf7+ Kd8 10. g3 Qg4 11. O-O Nf3+ 12. Kg2 Qh3+ 13. Kxf3 Bg4+ 14. Ke3
Qxf1 15. Be6 Qe2# 0-1

[Event "AUTO-INT-1851"]
[Site "http://www.queenalice.com/game.php?id=849493"]
[Date "2010.10.23"]
[Round "1"]
[White "loulou429"]
[Black "Benvenutti"]
[Result "1/2-1/2"]
[WhiteElo "1706"]
[BlackElo "1860"]

1. e4 e6 2. d4 d5 3. Nc3 Nf6 4. e5 Nfd7 5. f4 c5 6. Nf3 Nc6 7. Be3 Qa5 8. Qd2
cxd4 9. Bxd4 Nxd4 10. Nxd4 a6 11. O-O-O Bb4 12. Nb3 Bxc3 13. Nxa5 Bxd2+ 14. Rxd2
O-O 15. Bd3 Nc5 16. g3 Nxd3+ 17. Rxd3 b5 18. Rc3 Ra7 19. Rc5 Bd7 20. b4 Rc8 21.
Rxc8+ Bxc8 22. Rd1 Rc7 23. Rd3 Bd7 24. Kb2 h6 25. Rc3 Ra7 26. Nc6 Bxc6 27. Rxc6
Kf8 28. c3 Ke8 29. Rc5 Kd7 30. a4 Rc7 31. Rxc7+ Kxc7 32. axb5 axb5 33. Kc2 f6
34. Kd3 f5 35. Ke3 g6 36. h4 h5 37. Kf3 Kc6 38. Ke3 Kb6 39. Kd4 Kc6 1/2-1/2

[Event "AUTO-INT-1851"]
[Site "http://www.queenalice.com/game.php?id=849494"]
[Date "2010.10.23"]
[Round "1"]
[White "Benvenutti"]
[Black "loulou429"]
[Result "1-0"]
[WhiteElo "1967"]
[BlackElo "1712"]

1. d4 Nf6 2. c4 g6 3. Nc3 Bg7 4. e4 d6 5. Nf3 O-O 6. Be2 e5 7. O-O Nc6 8. d5 Ne7
9. Ne1 Nd7 10. Be3 f5 11. f3 f4 12. Bf2 b6 13. Nd3 Nf6 14. a3 Bd7 15. b4 Qb8 16.
c5 a5 17. cxd6 cxd6 18. Qb3 a4 19. Qb2 Rc8 20. Rac1 Rc7 21. Rc2 Qb7 22. Rfc1
Rac8 23. Na2 Qa7 24. Rxc7 Rxc7 25. Rxc7 Qxc7 26. Qc3 Qxc3 27. Nxc3 Bh6 28. Nb2
b5 29. Bxb5 Bc8 30. Nbxa4 g5 31. h3 Bd7 32. Bxd7 Nxd7 33. Nb5 Nc8 34. Nc7 Kf7
35. b5 Nb8 36. b6 Ke7 37. b7 Kd7 38. bxc8=Q+ Kxc8 39. Nb5 Bf8 40. Nb6+ Kd8 41.
a4 Na6 42. Nc4 Kc8 43. Nbxd6+ Kc7 44. Nb5+ Kb7 45. Nxe5 1-0

[Event "AUTO-INT-1851"]
[Site "http://www.queenalice.com/game.php?id=849495"]
[Date "2010.10.23"]
[Round "1"]
[White "loulou429"]
[Black "Romerflu"]
[Result "1-0"]
[WhiteElo "1706"]
[BlackElo "1477"]

1. e4 e5 2. Nf3 d6 3. d4 Bg4 4. h3 Bxf3 5. gxf3 Nf6 6. Be3 Nc6 7. d5 Ne7 8. Bb5+
c6 9. Bd3 cxd5 10. exd5 Nexd5 11. Bb5+ Nd7 12. Qxd5 b6 13. Nc3 Be7 14. Bxd7+
Kxd7 15. Qb5+ Kc8 16. Qc4+ Kb8 17. O-O-O h6 18. Qxf7 a5 19. Nd5 Ra7 20. Bxb6
Bg5+ 21. f4 Rxf7 22. Bxd8 Bxd8 23. f5 Rxf5 24. Rhf1 Bg5+ 25. Kb1 Bf6 26. Ne3 Rf3
27. Rh1 Rxf2 28. Rxd6 a4 29. Ng4 Rf3 30. Rd2 e4 31. Re2 Re8 32. Ne3 Bd4 33. Nc4
g5 34. c3 Bf2 35. Nd6 Rd8 36. Nxe4 Bb6 37. Rg2 Re8 38. Nd2 Rfe3 39. Nc4 Re1+ 40.
Rxe1 Rxe1+ 41. Kc2 Bc7 42. Rg4 Re2+ 43. Kd1 Re8 44. h4 gxh4 45. Rxh4 Rd8+ 46.
Kc2 Rh8 47. Nd2 Bd8 48. Rb4+ Kc7 49. Rxa4 h5 50. Ra3 Be7 51. Ra7+ Kd8 52. Ra8+
1-0

[Event "AUTO-INT-1851"]
[Site "http://www.queenalice.com/game.php?id=849496"]
[Date "2010.10.23"]
[Round "1"]
[White "Romerflu"]
[Black "loulou429"]
[Result "0-1"]
[WhiteElo "1470"]
[BlackElo "1713"]

1. e4 c5 2. e5 Nc6 3. f4 f6 4. exf6 Nxf6 5. f5 d5 6. Bb5 Bxf5 7. Nf3 Nd7 8. Bxc6
bxc6 9. d3 h6 10. Nc3 d4 11. Ne2 Qa5+ 12. c3 e5 13. h3 e4 14. dxe4 Bxe4 15. O-O
O-O-O 16. cxd4 c4 17. Nc3 Bd3 18. Re1 Bd6 19. Bd2 Qh5 20. a4 a5 21. Ne5 Qxd1 22.
Nxd1 Nxe5 23. dxe5 Bb4 24. Bxb4 axb4 25. a5 Kb7 26. a6+ Ka7 27. e6 Rhe8 28. e7
Rd7 29. Ra4 Rdxe7 30. Rxe7+ Rxe7 31. Nf2 Re1+ 32. Kh2 Re2 33. Nd1 Rd2 34. Ra1
Be4 35. Ne3 Re2 36. Nxc4 Rxg2+ 37. Kh1 Rc2+ 38. Kg1 Rxc4 39. b3 Rc3 40. Re1 Rg3+
41. Kh2 Rxb3 42. Rxe4 Kxa6 43. h4 c5 44. Re6+ Kb5 45. Rg6 Rb2+ 46. Kg3 c4 47.
Rxg7 c3 48. Rh7 c2 49. Rb7+ Ka4 50. Ra7+ Kb3 51. Ra1 Rb1 52. Rxb1+ cxb1=Q 0-1

[Event "Challenge"]
[Site "http://www.queenalice.com/game.php?id=851020"]
[Date "2010.10.26"]
[Round "-"]
[White "Canaye"]
[Black "loulou429"]
[Result "1-0"]
[WhiteElo "1868"]
[BlackElo "1682"]

1. d4 Nf6 2. c4 g6 3. Nc3 Bg7 4. e4 d6 5. f3 O-O 6. Bg5 c5 7. dxc5 dxc5 8. Nge2
h6 9. Be3 Nbd7 10. Qd2 b6 11. O-O-O Bb7 12. Bxh6 Ne5 13. Bxg7 Qxd2+ 14. Rxd2
Kxg7 15. Nf4 e6 16. h4 Rh8 17. Nce2 g5 18. hxg5 Rxh1 19. gxf6+ Kxf6 20. Ng3 Rhh8
21. Nfh5+ Ke7 22. f4 Nc6 23. f5 Nd8 24. e5 exf5 25. Nxf5+ Ke6 26. g4 Kxe5 27.
Re2+ 1-0

[Event "The best 1700"]
[Site "http://www.queenalice.com/game.php?id=874991"]
[Date "2010.12.22"]
[Round "1"]
[White "loulou429"]
[Black "kinghenry"]
[Result "1-0"]
[WhiteElo "1719"]
[BlackElo "1859"]

1. e4 b6 2. d4 e6 3. Bd3 Bb7 4. Nf3 Nf6 5. Nc3 Bb4 6. Bd2 Bxc3 7. Bxc3 Nxe4 8.
Qe2 Nxc3 9. bxc3 Qe7 10. Qe5 O-O 11. Qh5 f5 12. Ng5 h6 13. Nf3 Rf6 14. O-O Ba6
15. Rfe1 Bb7 16. Ne5 Nc6 17. a3 Qe8 18. Qxe8+ Rxe8 19. Nxd7 Rg6 20. d5 Nd8 21.
c4 Kf7 22. Ne5+ Kf6 23. Nxg6 Kxg6 24. g4 Rf8 25. dxe6 Nc6 26. gxf5+ Kf6 27. Be4
Ke7 28. Rad1 Rd8 29. Bd5 Na5 30. Bxb7 Nxb7 31. Rxd8 Nxd8 32. Rd1 Nc6 33. Rd7+
Kf6 34. Rf7+ Ke5 35. e7 Nxe7 36. Rxe7+ Kxf5 37. Rxc7 g5 38. Rxa7 Ke4 39. Rb7 Kd4
40. Rxb6 Kxc4 41. Rxh6 Kc3 42. Rc6+ Kd4 43. a4 Kd5 44. Rc8 Kd6 45. a5 Kd7 46.
Rc3 1-0

[Event "The best 1700"]
[Site "http://www.queenalice.com/game.php?id=888768"]
[Date "2011.1.20"]
[Round "2"]
[White "Abstro"]
[Black "loulou429"]
[Result "1-0"]
[WhiteElo "1758"]
[BlackElo "1741"]

1. d4 Nf6 2. c4 g6 3. Nc3 Bg7 4. e4 d6 5. Be2 O-O 6. f4 Nbd7 7. Nf3 b6 8. O-O
Bb7 9. Qd3 c6 10. b3 e6 11. Rb1 Nh5 12. e5 d5 13. g4 Nxf4 14. Bxf4 Ba6 15. Qd2
Rb8 16. Ng5 h6 17. Nf3 g5 18. Be3 f6 19. exf6 Bxf6 20. a4 Qe7 21. Qa2 Bb7 22. b4
e5 23. c5 Qe6 24. h3 Rf7 25. Bd1 e4 26. Nd2 h5 27. Rf5 Rg7 28. Ncxe4 Re7 29.
Bxg5 dxe4 30. Qxe6+ Rxe6 31. Bxf6 Nxf6 32. g5 Nd5 33. Bxh5 Rd6 34. cxd6 Bc8 35.
Re5 Bxh3 36. d7 Bxd7 37. Nxe4 Rf8 38. Rf1 Nf4 39. Nf6+ 1-0

[Event "bonne annee"]
[Site "http://www.queenalice.com/game.php?id=892133"]
[Date "2011.1.28"]
[Round "-"]
[White "Canaye"]
[Black "loulou429"]
[Result "1-0"]
[WhiteElo "1884"]
[BlackElo "1726"]

1. d4 d5 2. c4 dxc4 3. e4 e5 4. d5 b5 5. Nf3 Nf6 6. a4 Bd7 7. Bg5 Bd6 8. Nfd2 c6
9. axb5 cxb5 10. Be2 O-O 11. O-O h6 12. Bh4 a5 13. Na3 Na6 14. Nf3 g5 15. Bg3
Qe7 16. h4 Nxe4 17. hxg5 Nxg3 18. fxg3 hxg5 19. Nc2 e4 20. Nfd4 Bxg3 21. Ne3 Bc7
22. Bg4 f6 23. Be6+ Bxe6 24. Nxe6 Rfe8 25. Ng4 Bb6+ 26. Nd4 Rf8 27. Nh6+ Kh8 28.
Nf5 Qh7 29. Rf2 Nc7 30. g4 Qd7 31. Rh2+ Kg8 32. Kg2 Qxd5 33. Nh6+ Kg7 34. Ndf5+
Kh8 35. Nf7+ Kg8 36. Ne7+ Kxf7 37. Nxd5 Rfd8 38. Nxb6 Rxd1 39. Rxd1 Ra6 40. Nc8
Ke6 41. Rh7 Nd5 42. Kf2 Rc6 43. Rxd5 Rxc8 44. Rxb5 a4 45. Ra5 Rb8 46. Rxa4 Rc8
47. Rh3 Ke5 48. Ra6 Rc7 49. Ke3 c3 50. Ra5+ Ke6 51. Kxe4 Rc4+ 52. Kd3 c2 53.
Re3+ Kd6 54. Ra6+ Kd5 55. Re1 c1=Q 56. Rxc1 Rxc1 57. Rxf6 Re1 58. Rf5+ Re5 59.
Rxe5+ Kxe5 60. Ke3 Kd5 61. b3 1-0

[Event "Tempête en mars..."]
[Site "http://www.queenalice.com/game.php?id=913438"]
[Date "2011.3.16"]
[Round "-"]
[White "Alligator427"]
[Black "loulou429"]
[Result "1-0"]
[WhiteElo "2284"]
[BlackElo "1734"]

1. e4 e5 2. Nf3 Nc6 3. d4 exd4 4. Nxd4 Bc5 5. Nb3 Qe7 6. Nxc5 Qxc5 7. Nc3 Nf6 8.
Be3 Qh5 9. Qxh5 Nxh5 10. Nd5 Kd8 11. Be2 Nf6 12. Bg5 Ne7 13. Nxe7 Nxe4 14. Ng6+
Nxg5 15. Nxh8 b6 16. Bc4 Ke7 17. O-O-O Bb7 18. Nxf7 Nxf7 19. Bxf7 Kxf7 20. Rxd7+
Ke8 21. Rxc7 Bd5 22. Rd1 Bf7 23. Rdd7 Bxa2 24. b3 1-0

[Event "T'en chies en avril aussi... ?"]
[Site "http://www.queenalice.com/game.php?id=913439"]
[Date "2011.3.16"]
[Round "-"]
[White "loulou429"]
[Black "Alligator427"]
[Result "0-1"]
[WhiteElo "1732"]
[BlackElo "2268"]

1. e4 e5 2. Nf3 Nc6 3. Bc4 Nf6 4. Ng5 d5 5. exd5 Na5 6. d3 Be7 7. O-O O-O 8. Nc3
Bg4 9. f3 Bh5 10. Be3 Nxd5 11. Nxd5 Bxg5 12. g4 Bg6 13. f4 exf4 14. Bxf4 c6 15.
Ne3 Re8 16. b4 Nxc4 17. Nxc4 Qd4+ 18. Kg2 Bxf4 19. Qf3 Qxc4 20. dxc4 Be4 21. Kg1
Bxf3 22. Rxf3 Be5 23. Rd1 Rad8 24. Rfd3 Bf6 25. Kf1 h6 26. c5 Rxd3 27. Rxd3 Re4
28. Rd7 Rxb4 29. h3 Bd4 30. Rd8+ Kh7 31. a3 Rb1+ 32. Ke2 Bxc5 33. Rd3 Ra1 34.
Rd7 Rxa3 35. Rxf7 Re3+ 36. Kf2 Re7+ 0-1

[Event "The best 1700"]
[Site "http://www.queenalice.com/game.php?id=919746"]
[Date "2011.3.30"]
[Round "3"]
[White "johndavidtelker"]
[Black "loulou429"]
[Result "0-1"]
[WhiteElo "1758"]
[BlackElo "1716"]

1. e4 e5 2. Nf3 Nc6 3. Bb5 a6 4. Ba4 Nf6 5. Nc3 Bc5 6. O-O O-O 7. d3 b5 8. Bb3
h6 9. Nh4 Ne7 10. Be3 Bxe3 11. fxe3 d6 12. Nf5 c6 13. Qf3 Nxf5 14. exf5 Bb7 15.
e4 Qe7 16. Rae1 a5 17. a3 a4 18. Ba2 Rac8 19. Ne2 d5 20. Ng3 Rcd8 21. exd5 cxd5
22. d4 e4 23. Qe2 Ba6 24. c3 Qd6 25. Rf2 b4 26. Qd2 Ng4 27. Rff1 Bxf1 28. Rxf1
b3 29. Bb1 e3 30. Qd3 h5 31. Rf3 h4 32. Nh5 Qxh2+ 33. Kf1 Qh1+ 34. Ke2 Qxg2+ 35.
Kd1 Qxf3+ 0-1

[Event "The best 1700"]
[Site "http://www.queenalice.com/game.php?id=936440"]
[Date "2011.5.10"]
[Round "4"]
[White "loulou429"]
[Black "UKopra"]
[Result "1-0"]
[WhiteElo "1730"]
[BlackElo "1842"]

1. e4 c5 2. Nf3 d6 3. d4 cxd4 4. Nxd4 Nf6 5. Nc3 a6 6. f4 e5 7. Nf3 Qc7 8. Bd3
Nbd7 9. Be3 b5 10. Nd5 Nxd5 11. exd5 exf4 12. Bxf4 Bb7 13. Qe2+ Be7 14. O-O-O
Bxd5 15. b3 Be6 16. Qe4 O-O-O 17. Nd4 Nc5 18. Qa8+ Kd7 19. Qf3 f6 20. b4 Na4 21.
Nxe6 Kxe6 22. Rde1+ Kf7 23. Qd5+ Kf8 24. Rhf1 Nc3 25. Qd4 Rc8 26. Bd2 Kf7 27.
Bf5 Qc4 28. Qxc4+ Rxc4 29. Be6+ Kg6 30. Bxc4 bxc4 31. Bxc3 Re8 32. Rf3 d5 33.
Rfe3 Kf7 34. Re6 g5 35. Bxf6 Bxb4 36. Rxe8 1-0

[Event "Challenge"]
[Site "http://www.queenalice.com/game.php?id=949795"]
[Date "2011.6.14"]
[Round "-"]
[White "renet54"]
[Black "loulou429"]
[Result "0-1"]
[WhiteElo "1557"]
[BlackElo "1750"]

1. d4 Nf6 2. Nf3 g6 3. Bf4 Bg7 4. e3 O-O 5. h3 d6 6. Be2 Nbd7 7. O-O Qe8 8. c4
e5 9. dxe5 dxe5 10. Bg3 Ne4 11. Bd3 Ndc5 12. b3 Qd8 13. Bh4 Qxd3 14. Qxd3 Nxd3
15. Na3 Bf6 16. Bxf6 Nxf6 17. Rad1 e4 18. Nd4 c5 19. Ndb5 Rd8 20. Rd2 Rd7 21. f3
Nb4 22. Rfd1 Kg7 23. fxe4 Re7 24. Nd6 Nxe4 25. Nxe4 Rxe4 26. Nb5 Rxe3 27. Nd6
Nc6 28. Rf1 Re7 29. Rdf2 Ne5 30. Re1 f6 31. Ne4 Nd3 32. Rfe2 Nxe1 33. Rxe1 f5
0-1